| 000 | 01708nam a22003255i 4500 | ||
|---|---|---|---|
| 001 | 22080958 | ||
| 005 | 20260606143651.0 | ||
| 008 | 210615s2021 cau 000 0 eng | ||
| 010 | _a 2021941121 | ||
| 020 |
_a9789391138677 _q(paperback) |
||
| 020 |
_z9789391138684 _q(epub) |
||
| 020 |
_z9789391138738 _q(ebook) |
||
| 035 | _a22080958 | ||
| 040 |
_aDLC _beng _erda _cDLC |
||
| 042 | _apcc | ||
| 082 | _a650.1 | ||
| 245 | 0 | 0 |
_aSoft skills for workplace success / _cSAGE. |
| 250 | _aNa. | ||
| 263 | _a2107 | ||
| 264 | 1 |
_aThusand Oaks : _bSAGE Publishing, _c2021. |
|
| 336 |
_atext _btxt _2rdacontent |
||
| 337 |
_aunmediated _bn _2rdamedia |
||
| 338 |
_avolume _bnc _2rdacarrier |
||
| 520 |
_a"From the ninjas of corporate world comes a curated recipe book on how to be happy and content in our professional lives. Soft skills for Workplace helps us in dodging the derailers such as ego and stress that can negatively impact our behaviour, and replacing them instead with humour and emotional intelligence as tools to find joy at the workplace. SAGE Back to Basics is a distilled compilation of proven and timeless ideas and best practices for new-age and experienced leaders alike. The hand-picked collection of books-on management, leadership, entrepreneurship, branding and CSR-offer advice from management experts whose knowledge and research has impacted and shaped business and management education"-- _cProvided by publisher. |
||
| 710 | 2 |
_aSAGE (Thousand Oaks, California), _eother. |
|
| 856 |
_uhttps://sk.sagepub.com/books/soft-skills-for-workplace-success _yRead SAGE E-Book |
||
| 906 |
_a0 _bibc _corignew _d2 _eepcn _f20 _gy-gencatlg |
||
| 942 |
_2ddc _cEBOOK |
||
| 999 |
_c44750 _d44750 |
||